| 000 | 01010cam a22003011 4500 | ||
|---|---|---|---|
| 001 | 1231023 | ||
| 003 | OSt | ||
| 005 | 20140310181625.0 | ||
| 008 | 851009s1968 iluac j b 000 0beng | ||
| 010 | _a 68015564 | ||
| 040 |
_aDLC _cDLC _dDLC |
||
| 042 | _alcac | ||
| 050 | 0 | 0 |
_aPS 3515 _b.R514Er 1968 |
| 082 | 0 | 0 |
_aREF 920 _bH34 1968 |
| 100 | 1 |
_aRichards, Norman, _d1932 Mar. 14- |
|
| 245 | 1 | 0 |
_aPeople of Destiny : _bErnest Hemingway / _cNorman Richards. |
| 260 |
_aChicago, _bChildren's Press _cc1968. |
||
| 300 |
_a94 p. _billus., ports. _c29 cm. |
||
| 490 | 1 | _aPeople of destiny: a humanities series | |
| 600 | 1 | 0 |
_aHemingway, Ernest, _d1899-1961 _vJuvenile literature. |
| 600 | 1 | 1 |
_aHemingway, Ernest, _d1899-1961. |
| 650 | 0 |
_aAuthors, American _y20th century _vBiography _vJuvenile literature. |
|
| 650 | 0 |
_aJournalists _zUnited States _vBiography _vJuvenile literature. |
|
| 830 | 0 | _aPeople of destiny. | |
| 906 |
_a7 _bcbc _corignew _du _eocip _f19 _gy-gencatlg |
||
| 942 |
_2lcc _cBK |
||
| 999 |
_c288 _d288 |
||